000 00211 a2200097 4500
001 43006
100 _aDesoutter D
245 _aAircraft Missiles
260 _aLondon
_bFaber & Faber
_c
090 _c26881
_d26881
942 _aNUST-CAE
_cM
_c18759
999 _c278079
_d278079